LEADER 01275nam a2200277 i 4500 001 000000051769 003 CaOOAMICUS 005 19961219000000.0 008 961219s1983 fr u000 u mul u 013 $a22941 020 $a2-204-02135-0 040 $aSeMil$bita 245 10$aLivres 1.-2. /$cintroduction par Bernard Grillet et Guy Sabbah ; traduction par André-Jean Festugière ; annotation par Guy Sabbah. 490 0 $aSources Chrétiennes ;$vN°306 700 1 $aSozomenus, Salaminius Hermias,$d.$0(OLS)http://semarc/name/89140 700 1 $aSabbah, Guy,$d<1935- >.$0(OLS)http://semarc/name/90143 700 1 $aFestugière, André-Jean,$c.$0(OLS)http://semarc/name/4798 773 0 $aSozomenus, Salaminius Hermias $tHistoire ecclésiastique.$dParis : Les Éditions du Cerf, 1983.$w()866 830 0$aSources chrétiennes ;$vN°306.$0(OLS)http://semarc/title/72 850 $aSeMil 852 $aSeMil$W1$xVenegono$y1$mSL1.T VI 306$j17924$B17924$CSeMilBibl$Z2$F17925 $8I 900 0 $aSozomeno : di Gaza. 961 $aOmaggio: Colombo Card. Giovanni 996 $6020$a2-204-02135-0$9(OLS)http://semarc/number/25972 996 $6245$aLivres 1.-2.$9(OLS)http://semarc/title/79355 LEADER 01245nam a2200265 i 4500 001 000000009787 003 CaOOAMICUS 005 20180830125440.0 008 180830s1976 fr u000 u und u 040 $aSeMil$bita 100 0 $aOrigenes,$d.$0(OLS)http://semarc/name/467 245 10$aHomélies sur Jérémie /$cOrigène ; traduction par Pierre Husson, Pierre Nautin. 250 $aÉd., introduction et notes. 260 $aParis :$bLes Éditions du Cerf,$c1976-1977. 300 $a2 v. ;$c20 cm. 500 $aTesto greco a fronte. - Dalla biblioteca del card. Giovani Colombo. 700 1 $aNautin, Pierre,$d<1914-1997>.$0(OLS)http://semarc/name/4832 700 1 $aHusson, Pierre.$0(OLS)http://semarc/name/4831 773 0 $tSources chrétiennes.$dParis : Les Éditions du Cerf, 1941-$kSources chrétiennes$x0750-1978$w()41 774 0 $tHomélies 1.-11.$kSources chrétiennes$z2-204-01089-8$gTome1$w()92494 774 0 $tHomélies 12.-20. ; et Homélies latines.$kSources chrétiennes$z2-204-01189-4$gTome2$w()92636 900 1 $aOrigene. 996 $6245$aHomélies sur Jérémie$9(OLS)http://semarc/title/12938 996 $6260$aParis :$bLes Éditions du Cerf$9(OLS)http://semarc/publisher/29611